Molly Moon, Micky Minus, & the mind machine (Record no. 13782)

MARC details
000 -LEADER
fixed length control field 00672nam a2200241Ia 4500
008 - FIXED-LENGTH DATA ELEMENTS--GENERAL INFORMATION
fixed length control field 191130s2007##################000#0#eng##
020 ## - INTERNATIONAL STANDARD BOOK NUMBER
International Standard Book Number 9780330434621
022 ## - INTERNATIONAL STANDARD SERIAL NUMBER
International Standard Serial Number 2007929413
040 ## - CATALOGING SOURCE
Original cataloging agency ACL
Transcribing agency ACL
082 ## - DEWEY DECIMAL CLASSIFICATION NUMBER
Classification number 823 BYN
100 ## - MAIN ENTRY--PERSONAL NAME
Personal name Byng, Georgia
245 ## - TITLE STATEMENT
Title Molly Moon, Micky Minus, & the mind machine
Statement of responsibility, etc. Georgia Byng
250 ## - EDITION STATEMENT
Edition statement 1st ed
260 ## - PUBLICATION, DISTRIBUTION, ETC.
Place of publication, distribution, etc. New York
Name of publisher, distributor, etc. HarperCollins
Date of publication, distribution, etc. 2007
300 ## - PHYSICAL DESCRIPTION
Extent 405 p. ; 23 cm
650 ## - SUBJECT ADDED ENTRY--TOPICAL TERM
Topical term or geographic name entry element Brothers and sisters - Fiction
Topical term or geographic name entry element Hypnotism - Fiction
Topical term or geographic name entry element Telepathy - Fiction
Topical term or geographic name entry element Twins - Fiction
990 ## - EQUIVALENCES OR CROSS-REFERENCES [LOCAL, CANADA]
Link information for 9XX fields c93afbd1ac10000c5adb7cfe2b2f731c
991 ## -
-- 37679
Holdings
Withdrawn status Lost status Damaged status Not for loan Home library Current library Date acquired Total Checkouts Full call number Barcode Date last seen Date last checked out Price effective from Koha item type
        Anna Centenary Library Anna Centenary Library 09.10.2020 4 823 BYN 500744 24.08.2025 27.07.2025 09.10.2020 English Books
        Anna Centenary Library Anna Centenary Library 09.10.2020 2 823 BYN 500745 21.12.2025 02.11.2025 09.10.2020 English Books

Find us on the map